Sports Quiz

Random Sports or NFL Quiz

NFL Rushing Leaders (1980-2010) Quiz Stats

 Plays Quiz not verified by Sporcle

Challenge
Share
Tweet
Embed
Score 0/160 Timer 10:00
0 Plays Today
Team Player % Correct
Dallas CowboysEmmitt Smith
98.2%
Buffalo BillsAntowain Smith
98%
Minnesota VikingsRobert Smith
98%
Houston TexansDomanick Williams
97.7%
Chicago BearsThomas Jones
97.2%
Dallas CowboysJulius Jones
97.2%
Detroit LionsJames Jones
97.2%
Detroit LionsKevin Jones
97.2%
New York JetsThomas Jones
97.2%
Arizona CardinalsEdgerrin James
96.7%
Indianapolis ColtsEdgerrin James
96.7%
Miami DolphinsRicky Williams
96.4%
New Orleans SaintsRicky Williams
96.4%
Carolina PanthersDeAngelo Williams
96.2%
Cincinnati BengalsRudi Johnson
96.1%
Oakland RaidersHarvey Williams
96.1%
Seattle SeahawksJohn L. Williams
96.1%
Tampa Bay BuccaneersCadillac Williams
96.1%
Arizona CardinalsJohnny Johnson
95.9%
Baltimore RavensJamal Lewis
95.9%
Buffalo BillsThurman Thomas
95.9%
Cincinnati BengalsPete Johnson
95.9%
Cleveland BrownsJamal Lewis
95.9%
Kansas City ChiefsLarry Johnson
95.9%
Tennessee TitansChris Johnson
95.9%
Chicago BearsAnthony Thomas
95.8%
Green Bay PackersAhman Green
95.6%
New York GiantsTiki Barber
95.6%
Cincinnati BengalsHarold Green
95.3%
Dallas CowboysMarion Barber
95.3%
Detroit LionsBarry Sanders
95.1%
Arizona CardinalsOttis Anderson
94.9%
Chicago BearsNeal Anderson
94.9%
Atlanta FalconsJamal Anderson
94.8%
Denver BroncosMike Anderson
94.8%
Carolina PanthersStephen Davis
94.6%
Denver BroncosTerrell Davis
94.6%
San Diego ChargersGary Anderson
94.6%
Washington RedskinsStephen Davis
94.6%
St. Louis RamsSteven Jackson
94.1%
San Diego ChargersLaDainian Tomlinson
94%
New England PatriotsCurtis Martin
93.3%
New York JetsCurtis Martin
93.3%
Pittsburgh SteelersJerome Bettis
93%
St. Louis RamsJerome Bettis
93%
Baltimore RavensChester Taylor
92.8%
Jacksonville JaguarsFred Taylor
92.8%
Baltimore RavensPriest Holmes
91.7%
Indianapolis ColtsMarshall Faulk
91.7%
Kansas City ChiefsPriest Holmes
91.7%
St. Louis RamsMarshall Faulk
91.7%
Cincinnati BengalsCorey Dillon
91.3%
New England PatriotsKevin Faulk
91.3%
New England PatriotsCorey Dillon
91.3%
Team Player % Correct
Atlanta FalconsWarrick Dunn
90.4%
Tampa Bay BuccaneersWarrick Dunn
90.4%
Jacksonville JaguarsMaurice Jones-Drew
90.2%
Pittsburgh SteelersBarry Foster
90.2%
Seattle SeahawksShaun Alexander
90%
Carolina PanthersDeShaun Foster
89.9%
Houston TexansArian Foster
89.9%
Kansas City ChiefsMarcus Allen
89.1%
Oakland RaidersMarcus Allen
89.1%
New Orleans SaintsDeuce McAllister
88.7%
Tennessee TitansEddie George
88.7%
Washington RedskinsTerry Allen
88.7%
San Francisco 49ersFrank Gore
88.6%
Chicago BearsWalter Payton
88.4%
Miami DolphinsRonnie Brown
88.4%
Minnesota VikingsTed Brown
88.1%
Philadelphia EaglesBrian Westbrook
87.3%
Denver BroncosClinton Portis
86.9%
Washington RedskinsClinton Portis
86.9%
Minnesota VikingsAdrian Peterson
86.3%
Carolina PanthersJonathan Stewart
85.1%
Detroit LionsJames Stewart
85.1%
Jacksonville JaguarsJames Stewart
85.1%
San Francisco 49ersRoger Craig
83.3%
Indianapolis ColtsEric Dickerson
83%
St. Louis RamsEric Dickerson
83%
Atlanta FalconsMichael Turner
81%
Pittsburgh SteelersWillie Parker
80.7%
Baltimore RavensRay Rice
80.2%
Baltimore RavensWillis McGahee
78.1%
Buffalo BillsWillis McGahee
78.1%
Dallas CowboysTony Dorsett
77.9%
San Francisco 49ersGarrison Hearst
75.2%
New York GiantsBrandon Jacobs
75%
Philadelphia EaglesRicky Watters
75%
Seattle SeahawksRicky Watters
75%
New York GiantsJoe Morris
74.3%
Indianapolis ColtsJoseph Addai
73.7%
Tampa Bay BuccaneersMike Alstott
73.2%
Tennessee TitansLorenzo White
72.5%
Cleveland BrownsEarnest Byner
71.1%
Washington RedskinsEarnest Byner
71.1%
Buffalo BillsTravis Henry
70.3%
Green Bay PackersRyan Grant
69.9%
Green Bay PackersDorsey Levens
69.1%
Seattle SeahawksCurt Warner
68.6%
Atlanta FalconsGerald Riggs
67.8%
Pittsburgh SteelersFranco Harris
67%
Washington RedskinsJohn Riggins
66.8%
Philadelphia EaglesDuce Staley
66.7%
Houston TexansSteve Slaton
66.2%
Kansas City ChiefsChristian Okoye
65.8%
San Diego ChargersNatrone Means
64.2%
Dallas CowboysHerschel Walker
63.9%
Team Player % Correct
Tennessee TitansEarl Campbell
63.6%
Chicago BearsMatt Forte
61.3%
Cleveland BrownsKevin Mack
60.8%
Seattle SeahawksChris Warren
59.3%
Philadelphia EaglesRandall Cunningham
58.7%
New York JetsFreeman McNeil
58.2%
Detroit LionsBilly Sims
57.7%
Green Bay PackersEdgar Bennett
57%
Minnesota VikingsMichael Bennett
57%
Cincinnati BengalsJames Brooks
56.9%
New York GiantsRodney Hampton
56.7%
Tampa Bay BuccaneersJames Wilder
54.2%
New Orleans SaintsGeorge Rogers
50.7%
Kansas City ChiefsJamaal Charles
50.5%
San Diego ChargersMarion Butts
50.3%
Houston TexansRon Dayne
50%
Oakland RaidersTyrone Wheatley
50%
Philadelphia EaglesWilbert Montgomery
48%
Atlanta FalconsWilliam Andrews
45.4%
Miami DolphinsKarim Abdul-Jabbar
44.9%
Oakland RaidersNapoleon Kaufman
44.4%
Oakland RaidersJustin Fargas
43.1%
San Francisco 49ersSteve Young
43%
Denver BroncosSammy Winder
42.6%
New Orleans SaintsDalton Hilliard
42%
Arizona CardinalsStump Mitchell
41.5%
Tampa Bay BuccaneersMichael Pittman
39.1%
St. Louis RamsCleveland Gary
37.1%
Buffalo BillsJoe Cribbs
35.9%
San Francisco 49ersKevan Barlow
35%
Cleveland BrownsMike Pruitt
34.6%
San Diego ChargersChuck Muncie
34.2%
New York JetsAdrian Murrell
34%
Tennessee TitansSteve McNair
32.7%
New Orleans SaintsRueben Mayes
31.7%
Jacksonville JaguarsMark Brunell
31.4%
Houston TexansDavid Carr
30.2%
Jacksonville JaguarsDavid Garrard
28.8%
New England PatriotsTony Collins
25.8%
New England PatriotsJohn Stephens
24.5%
Denver BroncosJohn Elway
19.9%
Carolina PanthersTim Biakabutuka
19.3%
Miami DolphinsTony Nathan
18.5%
Cleveland BrownsEric Metcalf
18.3%
New York JetsJohnny Hector
16%
Minnesota VikingsDarrin Nelson
15.8%
Green Bay PackersGerry Ellis
12.6%
Pittsburgh SteelersFrank Pollard
10.8%
New York GiantsRob Carpenter
9.8%
Miami DolphinsMark Higgs
9.2%
Arizona CardinalsEarl Ferrell
6.5%
Indianapolis ColtsRandy McMillan
4.9%

You're not logged in!

Compare scores with friends on all Sporcle quizzes.
Join for Free
OR
Log In

You Might Also Like...

Show Comments

Extras

Top Quizzes Today


Score Distribution

Your Account Isn't Verified!

In order to create a playlist on Sporcle, you need to verify the email address you used during registration. Go to your Sporcle Settings to finish the process.

Report this User

Report this user for behavior that violates our Community Guidelines.

Details: